The Queen on the application of the Council for National Parks Ltd v the Pembrokeshire Coast National Park Authority and others (Record no. 75714)
[ view plain ]
| 000 -LEADER | |
|---|---|
| fixed length control field | 02065cab a2200241 4500 |
| 001 - CONTROL NUMBER | |
| control field | L130581 |
| 008 - FIXED-LENGTH DATA ELEMENTS--GENERAL INFORMATION | |
| fixed length control field | 050815n2005 000 0 eng u |
| 035 ## - SYSTEM CONTROL NUMBER | |
| System control number | (Sirsi) u130581 |
| 041 ## - LANGUAGE CODE | |
| Language code of text/sound track or separate title | eng |
| 245 #4 - TITLE STATEMENT | |
| Title | The Queen on the application of the Council for National Parks Ltd v the Pembrokeshire Coast National Park Authority and others |
| 260 ## - PUBLICATION, DISTRIBUTION, ETC. | |
| Date of publication, distribution, etc. | 2005 |
| 520 ## - SUMMARY, ETC. | |
| Summary, etc. | [2005] EWCA Civ 888, 20 July 2005. Discussed what constitute the material considerations that allow a planning authority to deviate from a development plan. Appeal against an earlier ruling ([2004] EWHC 2907 Admin, Abs68760) on the grounds that as the benefits of the development of a holiday village would be local rather than national they did not to satisfy para GE4 of the Pembrokeshire Coast National Park Local Plan, the relevant development plan under the Town and Country Planning Act 1990 s54A. "Held": the appeal was dismissed as P was ruled to have considered the development plan but that there were other material considerations including the guidance given in "Planning policy Wales" and the National Parks and Access to the Countryside Act 1949 s11A. These required P to consider the impact of permitting or refusing the development on the local economy and to foster the economic wellbeing of local communities within the park. Appeal to allow full hearing in HL failed in November 2005. |
| 590 ## - LOCAL NOTE (RLIN) | |
| Local note | IKA160805 |
| 650 ## - SUBJECT ADDED ENTRY--TOPICAL TERM | |
| Topical term or geographic name entry element | R V PEMBROKESHIRE COAST NATIONAL PARK AUTHORITY AND OTHERS EX P NATIONAL PARKS LTD |
| 650 ## - SUBJECT ADDED ENTRY--TOPICAL TERM | |
| Topical term or geographic name entry element | NATIONAL PARKS AND ACCESS TO THE COUNTRYSIDE ACT 1949 |
| 650 ## - SUBJECT ADDED ENTRY--TOPICAL TERM | |
| Topical term or geographic name entry element | TOWN AND COUNTRY PLANNING ACT 1990 |
| 650 ## - SUBJECT ADDED ENTRY--TOPICAL TERM | |
| Topical term or geographic name entry element | EDINBURGH CITY COUNCIL V SOS SCOTLAND |
| 650 ## - SUBJECT ADDED ENTRY--TOPICAL TERM | |
| Topical term or geographic name entry element | SIMPSON V EDINBURGH CORPORATION |
| 650 ## - SUBJECT ADDED ENTRY--TOPICAL TERM | |
| Topical term or geographic name entry element | BUCKLAND AND ANOTHER V SOS ENVIRONMENT, TRANSPORT AND THE REGIONS AND ANOTHER |
| 690 ## - LOCAL SUBJECT ADDED ENTRY--TOPICAL TERM (OCLC, RLIN) | |
| Topical term or geographic name as entry element | ENVIRONMENTAL AND LAND CONSULTANCY-PLANNING AND DEVELOPMENT-PLANNING GUIDANCE-LOCAL DEVELOPMENT PLANS |
| 856 ## - ELECTRONIC LOCATION AND ACCESS | |
| Uniform Resource Identifier | <a href="https://www.bailii.org/ew/cases/EWCA/Civ/2005/888.html">https://www.bailii.org/ew/cases/EWCA/Civ/2005/888.html</a> |
| Public note | View the item free of charge at www.bailii.org... |
| 942 ## - ADDED ENTRY ELEMENTS (KOHA) | |
| Suppress in OPAC | 0 |
| Withdrawn status | Lost status | Source of classification or shelving scheme | Damaged status | Not for loan | Home library | Current library | Shelving location | Date acquired | Total Checkouts | Full call number | Barcode | Date last seen | Copy number | Price effective from | Koha item type |
|---|---|---|---|---|---|---|---|---|---|---|---|---|---|---|---|
| Dewey Decimal Classification | Virtual | Virtual | Online | 15/08/2005 | ONLINE PUBLICATION | 130581-1001 | 06/08/2019 | 1 | 06/08/2019 | Law report |